000 00805nam a2200277 a 4500
001 BRCA_3966
005 20190320204508.0
008 140110s1920----gw-a######---#000-0#ger-#
041 _ager
044 _agw
050 4 _aNE654.D8
_b.W65 1
_c1920
100 1 _aWölfflin, Heinrich
_910318
245 1 0 _aDie Kunst Albrecht Dürers
_cHeinrich Wölfflin.
250 _a4
260 _aMúnich, Alemania
_bB.F. Bruckmann
_c1920
300 _a338 p.
_bil., 143 láminas
_c26 cm.
500 _aEstado físico: primera hoja del libro desprendida
500 _aEjemplar igual a D128
500 _aCDE39
504 _aBibliografía: p. 338
600 1 4 _aDurero, Alberto
_d1471-1528
_910301
650 1 4 _aGrabadores alemanes
_97216
650 1 4 _aPintores alemanes
_9797
902 _aGFM
942 _2lcc
_cB
999 _c3693
_d3693